LEADER 01001nam a2200241 u 4500 001 000000043673 003 CaOOAMICUS 005 20070226114450.0 008 990412s1993 it u000 u ita u 020 $a8827001948 035 $a10819586 040 $aMSA$bita$dPUL(R) 100 1 $aPandolfi, Carmelo.$0(OLS)http://pul/name/13843 245 13$aIl tempo come metodo di filosofia fondamentale /$cCarmelo Pandolfi. 260 $aAssisi :$bEdizioni Porziuncola,$c1993. 300 $a468 p. ;$c24 cm 650 4$aTempo (filosofia)$xCritica e interpretazione.$0(OLS)http://pul/subject/19192 850 $aPUL 852 $aPUL$W1$xDP1 Religione 1$y20$m485 B 32$j58850$nBK-PRI$b $qStampati$B58850$CPULBib$Z2$F58850 $H $81 941 1 $a8 996 $6020$a8827001948$9(OLS)http://pul/number/54470 996 $6245$aIl tempo come metodo di filosofia fondamentale$9(OLS)http://pul/title/58908 996 $6260$aAssisi :$bEdizioni Porziuncola$9(OLS)http://pul/publisher/52457 LEADER 01192nam a2200289 a 4500 001 000000151697 003 CaOOAMICUS 005 20160512175143.0 008 160512s1925 it u000 u ita r 032 $aLibriCat 040 $aPUL$bita 041 1 $aita$heng 100 1 $aLicitra, Carmelo.$0(OLS)http://pul/name/96547 245 10$aDal liberalismo al fascismo /$cCarmelo Licitra ; con prefazione di G. Gentile. 260 $aRoma :$bL. De Alberti,$c1925. 300 $aXXI, 162 p. ;$c22 cm. 490 1 $aStudi politici (L. De Alberti) ;$v02 504 $aBibliografia in nota a pič pagina. 650 4$aPolitica$xTeorie$ySec. XIX-XX.$0(OLS)http://pul/subject/11828 700 1 $aGentile, Giovanni,$d1875-1944.$0(OLS)http://pul/name/1482 830 0$aStudi politici (L. De Alberti) ;$v02.$0(OLS)http://pul/title/190986 850 $aPUL 852 $aPUL$W1$xDP1 Cons. Gen., Altre Classi 1$y22$m923 B 28$j174326$qStampati$B176903$CPULBib$Z2$F176903 $H13577 $81 941 1 $a8 996 $6245$aDal liberalismo al fascismo$9(OLS)http://pul/title/190985 996 $6260$aRoma :$bL. De Alberti$9(OLS)http://pul/publisher/84950